[Event "CZE-ch U14"]
[Site "Harrachov"]
[Date "2024.10.29"]
[Round "5"]
[White "Petrasek, Jiri"]
[Black "Tejnor, Martin"]
[Result "1-0"]
[WhiteElo "1823"]
[BlackElo "1678"]
[PlyCount "103"]
[EventDate "2024.10.26"]
[EventType "swiss"]
[EventRounds "9"]
[EventCountry "CZE"]
[SourceTitle "CB45_2024"]
[Source "ChessBase"]
[SourceDate "2024.11.06"]
[SourceVersion "1"]
[SourceVersionDate "2024.11.06"]
[SourceQuality "1"]

1. e4 c5 2. Nc3 d6 3. g3 Nc6 4. Bg2 Nf6 5. d3 e6 6. f4 Be7 7. Nf3 Rb8 8. 0-0 Qc7 9. h3 b5 10. g4 b4 11. Ne2 c4 12. Be3 cxd3 13. cxd3 0-0 14. Rc1 Bb7 15. Ng3 Qa5 16. g5 Nd7 17. h4 Nc5 18. f5 Qa4 19. Rc2 Ba6 20. Ne1 Rbd8 21. f6 Rfe8 22. fxe7 Rxe7 23. Rff2 Ne5 24. d4 Ned3 25. dxc5 Nxf2 26. Bxf2 Red7 27. c6 Rc7 28. b3 Qb5 29. Bf1 Qa5 30. Bxa6 Qxa6 31. Qd3 Qc8 32. Ne2 Rxc6 33. Rxc6 Qxc6 34. Qc4 Qb7 35. Qd4 Rd7 36. Nd3 a5 37. Be3 Kf8 38. Ng3 Qc8 39. Ne1 Qc6 40. Nh5 e5 41. Qc4 Qb7 42. Qd5 Qa6 43. Nd3 Re7 44. Ng3 g6 45. Nf1 Re8 46. Nd2 Ke7 47. Nxe5 Rf8 48. Nec4 Rd8 49. Bd4 Ke8 50. Nf3 Rd7 51. Nh2 Qc8 52. Ng4 1-0

[Event "CZE-ch U14"]
[Site "Harrachov"]
[Date "2024.10.28"]
[Round "4"]
[White "Mrazik, Marek"]
[Black "Petrasek, Jiri"]
[Result "1/2-1/2"]
[WhiteElo "1684"]
[BlackElo "1823"]
[PlyCount "57"]
[EventDate "2024.10.26"]
[EventType "swiss"]
[EventRounds "9"]
[EventCountry "CZE"]
[SourceTitle "CB45_2024"]
[Source "ChessBase"]
[SourceDate "2024.11.06"]
[SourceVersion "1"]
[SourceVersionDate "2024.11.06"]
[SourceQuality "1"]

1. e4 e5 2. Nf3 Nc6 3. Nc3 Nf6 4. Bb5 d6 5. d4 exd4 6. Nxd4 Bd7 7. Nxc6 Bxc6 8. Bxc6+ bxc6 9. 0-0 Be7 10. Qf3 Nd7 11. Qg3 0-0 12. f4 Bf6 13. Bd2 Rb8 14. b3 Bd4+ 15. Kh1 Nf6 16. Rae1 Re8 17. Re2 Nd7 18. Rfe1 f6 19. Na4 Re7 20. c3 Bb6 21. Nxb6 cxb6 22. c4 Qc7 23. Bc3 Rbe8 24. Qg4 Kh8 25. h3 Nc5 26. Qf3 Nd7 27. Re3 Nc5 28. R1e2 Nd7 29. Bb2 1/2-1/2

[Event "Ricany op"]
[Site "Ricany"]
[Date "2024.07.01"]
[Round "4"]
[White "Vavrinec, Tomas"]
[Black "Petrasek, Jiri"]
[Result "1-0"]
[WhiteElo "1922"]
[BlackElo "1788"]
[PlyCount "107"]
[EventDate "2024.06.29"]
[EventType "swiss"]
[EventRounds "9"]
[EventCountry "CZE"]
[SourceTitle "CBM 221 Extra"]
[Source "ChessBase"]
[SourceDate "2024.09.30"]
[SourceVersion "1"]
[SourceVersionDate "2024.09.30"]
[SourceQuality "1"]

1. Nf3 Nf6 2. c4 c6 3. g3 d5 4. Bg2 Nbd7 5. cxd5 cxd5 6. d4 e6 7. 0-0 Bd6 8. Nc3 0-0 9. Bd2 b6 10. Nb5 Bb8 11. Bb4 Re8 12. Nd6 Bxd6 13. Bxd6 Nf8 14. Be5 Ng6 15. Bxf6 Qxf6 16. Qa4 Qe7 17. Rfc1 Bd7 18. Qa6 Reb8 19. Qd3 a6 20. h4 Bb5 21. Qd2 f6 22. Rc2 Qd6 23. Rac1 Re8 24. b3 Ne7 25. a4 Bd7 26. Qd3 e5 27. dxe5 fxe5 28. Ng5 h6 29. Nh3 e4 30. Qd2 Ng6 31. Rd1 Bc6 32. Qd4 Qc7 33. Qxd5+ Bxd5 34. Rxc7 Bxb3 35. Rdd7 Nf8 36. Rxg7+ Kh8 37. Nf4 Rad8 38. Nh5 Re6 39. Bxe4 Rd1+ 40. Kg2 Bxa4 41. Rgf7 Rd8 42. Bd5 Rg6 43. Nf6 Rxf6 44. Rxf6 Nd7 45. Rxh6+ Kg7 46. Rd6 Kf8 47. Bc6 Bxc6+ 48. Rcxc6 Ke7 49. Re6+ Kf7 50. Red6 Ke7 51. Rh6 Ne5 52. Rxb6 Ng4 53. Rb7+ Kf8 54. Rh8# 1-0

[Event "Ricany op"]
[Site "Ricany"]
[Date "2024.06.30"]
[Round "2"]
[White "Petrasek, Jiri"]
[Black "Jirousek, Tadeas"]
[Result "1-0"]
[WhiteElo "1788"]
[BlackElo "1831"]
[PlyCount "90"]
[EventDate "2024.06.29"]
[EventType "swiss"]
[EventRounds "9"]
[EventCountry "CZE"]
[SourceTitle "CBM 221 Extra"]
[Source "ChessBase"]
[SourceDate "2024.09.30"]
[SourceVersion "1"]
[SourceVersionDate "2024.09.30"]
[SourceQuality "1"]

1. e4 c5 2. c3 e6 3. d4 d5 4. exd5 exd5 5. Nf3 Bd6 6. Be3 Qe7 7. Bd3 Nf6 8. 0-0 0-0 9. Re1 Bg4 10. Nbd2 Qc7 11. Qb1 Nbd7 12. b3 Bh5 13. a4 Rae8 14. Qb2 Ng4 15. h3 Nxe3 16. fxe3 Bg3 17. Re2 Nf6 18. Qc2 Re7 19. Nf1 Bd6 20. Rf2 Rfe8 21. dxc5 Bxc5 22. Nd4 Ne4 23. Bxe4 Rxe4 24. Qd2 a6 25. Rc1 Ba7 26. b4 Bb8 27. Nf5 Bg6 28. N5g3 R4e5 29. Qd4 Qc4 30. Rd2 Rg5 31. Ne2 Be4 32. g3 Qc8 33. Nf4 Be5 34. Qc5 Qxc5 35. bxc5 Rc8 36. Nxd5 Rxc5 37. Nf4 h6 38. h4 Rf5 39. g4 Rf6 40. Rd8+ Kh7 41. g5 Rg6 42. Ng3 Bf3 43. Kf2 Bg4 44. gxh6 Rxh6 45. Ne4 Bxf4 1-0